000 00663nam a2200193Ia 4500
003 GCL
008 140319s9999 xx 000 0 ara d
040 _aGCL /
_cGCL
082 0 4 _aق
_b322.4
_bع ع
100 1 _aعبدالله امام
245 1 0 _aعبدالناصر والاخوان المسلمون /
_cعبدالله امام
300 _a326 ص
490 _aالهيئة العامة للاستعلامات
_v0
650 0 4 _aالاخوان المسلمون
650 0 4 _aجمال عبدالناصر
650 0 4 _aمصر - الاحوال السياسية
650 0 4 _aمصر - تاريخ - العصر الحديث (1805 - 1956 )
942 _2ddc
_cBK
999 _c49089
_d49089